000
00278nam a2200121 a 4500
008
100922s1981|||| d
245
1
0
_a
Lonigan. /Zv./ 2
100
1
_a
Farrell, James T.
260
_a
Bratislava
_c
1981
_b
Tatran
020
_c
80
044
_a
xo
_c
SK
041
_a
slo
999
_c
10589
_d
10589